000
00239nam a22000857a 4500
008
160811b xxu||||| |||| 00| 0 eng d
100
_9
110
_a
Davies K
245
_a
The great Hamster Massacre
260
_a
London
_b
Simon & Schunter Publication
_c
2010
999
_c
2764
_d
2764